000 00360nam a2200157Ia 4500
003 OSt
005 20240127113142.0
008 170524s9999 xx 000 0 und d
020 _a9788187972099
040 _ciimtu
100 _aGaonkar- Ramesh
245 0 _aMicroprocessor Architecture- Programming
260 _bPenram
260 _c2010
942 _c02
_2ddc
999 _c5950
_d5950